Διδασκαλία κειμενικών ειδών και ηλεκτρονικοί υπολογιστές ή μέσω της χρήσης ηλεκτρονικών υπολογιστών : μεταπτυχιακή εργασία
Αποθηκεύτηκε σε:
| Κύριος συγγραφέας: | |
|---|---|
| Συγγραφή απο Οργανισμό/Αρχή: | |
| Άλλοι συγγραφείς: | |
| Μορφή: | Thesis Βιβλίο |
| Γλώσσα: | Greek |
| Δημοσίευση: |
2008.
|
| Θέματα: | |
| Διαθέσιμο Online: | http://hdl.handle.net/11610/16304 |
| Ετικέτες: |
Προσθήκη ετικέτας
Δεν υπάρχουν, Καταχωρήστε ετικέτα πρώτοι!
|
MARC
| LEADER | 00000cam a2200000 i 4500 | ||
|---|---|---|---|
| 001 | 1/102908 | ||
| 008 | 090317s2008 gre d | ||
| 035 | |l 10103843 | ||
| 040 | |a GR-MY-UA |b gre |e aacr | ||
| 041 | 0 | |a gre | |
| 082 | 0 | |a 371.33 |2 (22) | |
| 100 | 1 | |a Καραγεώργη, Τσαμπίκα. | |
| 245 | 1 | 0 | |a Διδασκαλία κειμενικών ειδών και ηλεκτρονικοί υπολογιστές ή μέσω της χρήσης ηλεκτρονικών υπολογιστών : |b μεταπτυχιακή εργασία / |c Καραγεώργη Τσαμπίκα ; επιβλέπων: Μιχάλης Αθανάσιος. |
| 260 | |c 2008. | ||
| 300 | |a 97 σ. : |b έγχρ. εικ. ; |c 30 εκ. | ||
| 500 | |a Μέλη εξεταστικής επιτροπής: Τσολακίδης Κωνσταντίνος, Καζούλλη Βασιλεία. | ||
| 502 | |a Διατριβή (μεταπτυχιακή) – Πανεπιστήμιο Αιγαίου, Ρόδος, 2008. | ||
| 504 | |a Βιβλιογραφία: σ. 83-86. | ||
| 650 | 0 | 0 | |a Education |x Effect of technological innovations on. |
| 650 | 0 | 0 | |a Human-computer interaction. |
| 650 | 0 | 0 | |a Educational technology. |
| 650 | 0 | 0 | |a Educational surveys |z Greece. |
| 650 | 0 | 0 | |a Word processing in education. |
| 650 | 0 | 0 | |a Dissertations, Academic |z Greece. |
| 700 | 1 | |a Μιχάλης, Αθανάσιος, |e dgs [Επιβλέπων καθηγητής] | |
| 710 | 2 | |a Πανεπιστήμιο Αιγαίου |b Σχολή Ανθρωπιστικών Επιστημών |b Παιδαγωγικό Τμήμα Δημοτικής Εκπαίδευσης |b Πρόγραμμα Μεταπτυχιακών Σπουδών Επιστήμες της Αγωγής - Εκπαίδευση με τη Χρήση Νέων Τεχνολογιών. | |
| 852 | |a INST |b RHODES |c DIATR |e 20090317 |h 371.33 ΚΑΡ |p 005400031949 |q 005400031949 |t MTXE |y 23 | ||
| 852 | |a INST |b RHODES |c DIATR |e 20090317 |h 371.33 ΚΑΡ |p 005400031950 |q 005400031950 |t MTXE |y 23 | ||
| 856 | |u http://hdl.handle.net/11610/16304 | ||
| 901 | |a BIBL4-2009-1 | ||
| 909 | |a Ρ |b 156971 | ||
| 909 | |a Ρ |b 156972 | ||
| 924 | |a ΚΑΡΑΓΕΩΡΓΗ |b ΤΣΑΜΠΙΚΑ |y ΡΟΔΟΣ |z 2009-01 | ||
| 970 | |a ΚΟΖΑ |b ΜΑΡΙΑ |z 2009/03/17 | ||